Таблетирование высокосвинцовых шихт для производства специальных стекол; Методы исследования в химии и химической технологии

Dettagli Bibliografici
Parent link:Методы исследования в химии и химической технологии.— 1986.— С. 40-42
Altri autori: Трофимов В. А., Лотова Л. Г., Барашков В. А., Коробкова В. Н.
Riassunto:Деп. в ОНИИТЭХИМ, г. Черкассы, 18.07.86, № 897-ХП-86.
Lingua:russo
Pubblicazione: 1986
Soggetti:
Natura: MixedMaterials Capitolo di libro
KOHA link:https://koha.lib.tpu.ru/cgi-bin/koha/opac-detail.pl?biblionumber=594219

MARC

LEADER 00000naa0a2200000 4500
001 594219
005 20250203145912.0
035 |a (RuTPU)RU\TPU\tpu\8632 
035 |a RU\TPU\tpu\8625 
090 |a 594219 
100 |a 20020520d1986 k y0rusy50 ca 
101 0 |a rus 
102 |a RU 
200 1 |a Таблетирование высокосвинцовых шихт для производства специальных стекол  |f В. А. Трофимов [и др.] 
300 |a Деп. в ОНИИТЭХИМ, г. Черкассы, 18.07.86, № 897-ХП-86. 
463 |t Методы исследования в химии и химической технологии  |o материлы научно-практической конференции (Томск, 20-22 мая 1986)  |o секция "Процессы, машины и аппараты химических производств"  |v С. 40-42  |d 1986 
610 1 |a труды учёных ТПУ 
701 1 |a Трофимов  |b В. А.  |c кандидат технических наук  |c ХТФ  |f 1937-  |3 (RuTPU)RU\TPU\pers\3683 
701 1 |a Лотова  |b Л. Г.  |c кандидат технических наук  |c ХТФ  |f 1939-  |3 (RuTPU)RU\TPU\pers\3685 
701 1 |a Барашков  |b В. А.  |c ХТФ  |f 1939-  |3 (RuTPU)RU\TPU\pers\3686 
701 1 |a Коробкова  |b В. Н.  |c ХТФ  |3 (RuTPU)RU\TPU\pers\3687 
801 2 |a RU  |b 63413507  |c 20100128  |g PSBO 
942 |c BK